000 00869nas a2200265 4500
001 BR8806240
003 BR-BrBNA
005 20231205091323.0
007 ta
008 230509b bl.|||p| |||| 00| 00por d
040 _aBR-BrBNA
_bpor
_cBiblioteca Nacional de Agricultura
041 _a(Pt)
072 _aL53
100 1 _aGuimaraes Filho, C.
100 1 _aGoes, J.G.G.
245 1 _aDesempenho reprodutivo de caprinos na caatinga sob diferentes taxas de lotacao
246 1 _aGoat reproductive performance as affected by stocking rate on caatinga vegetation
650 _aCAPRINO
650 _aFERTILIDADE
650 _aEFICIENCIA REPRODUTIVA
650 _aCAATINGA
773 0 _tPesquisa Agropecuaria Brasileira (Brazil)
_xISSN 0100-204X
_g(Mar 1988), v. 23(3) p. 309-314
_wBR8806240
909 _a202311
_bLúcia
_c55
_dLúcia Elande
942 _2AGRIS
_n0
_cANA
999 _c124340
_d124340